[Event "4NCL Div3n"]
[Site "Wychwood, Crewe, "]
[Date "2013.02.23"]
[Round "5"]
[White "Kee, Steve"]
[Black "Hackner, Oskar A"]
[Result "1-0"]
[WhiteElo "2274"]
[BlackElo "2170"]
[PlyCount "75"]
[EventDate "2013.??.??"]

1. e4 e6 2. b3 d5 3. Bb2 dxe4 4. Nc3 Nf6 5. Qe2 Nbd7 6. g4 Nc5 7. Bg2 Bd7 8. h4
h6 9. O-O-O Bd6 10. g5 hxg5 11. hxg5 Rxh1 12. Bxh1 Nd5 13. Nxe4 Nxe4 14. Bxe4
Qxg5 15. Nh3 Nf4 16. Nxf4 Bxf4 17. Bxb7 Rb8 18. Be4 Be5 19. c3 Rb6 20. Kb1 c5
21. Bd3 a5 22. Bc4 Qf5+ 23. Ka1 a4 24. d4 cxd4 25. cxd4 Bf6 26. Qe1 axb3 27.
Bxb3 Bc6 28. Qc3 Bd7 29. Qc7 Rc6 30. Qh2 g5 31. Qg3 Qe4 32. a3 Rb6 33. Ka2 Bc6
34. Qd3 Qxd3 35. Rxd3 Rb5 36. d5 Bxb2 37. dxc6 Be5 38. c7 1-0

[Event "4NCL Div3n"]
[Site "Wychwood, Crewe, "]
[Date "2013.02.23"]
[Round "5"]
[White "Green, Fiona"]
[Black "Wallace, Paul A"]
[Result "0-1"]
[WhiteElo "2025"]
[BlackElo "2195"]
[PlyCount "48"]
[EventDate "2013.??.??"]

1. d4 Nf6 2. Bg5 Ne4 3. Bf4 c5 4. f3 Nf6 5. d5 d6 6. e4 g6 7. Qd2 Bg7 8. c4 O-O
9. Bd3 Re8 10. Nc3 a6 11. Nge2 Nbd7 12. O-O Qc7 13. Bh6 Bh8 14. f4 b5 15. cxb5
c4 16. f5 cxd3 17. Nf4 Ne5 18. fxg6 hxg6 19. h3 axb5 20. Nxd3 Nxd3 21. Qxd3 b4
22. Ne2 Ba6 23. Qf3 Qc2 24. Rf2 Qxe4 0-1

[Event "4NCL Div3n"]
[Site "Wychwood, Crewe, "]
[Date "2013.02.23"]
[Round "5"]
[White "Drabble, Andrew"]
[Black "Stancak, Andrej"]
[Result "1-0"]
[WhiteElo "2194"]
[BlackElo "1978"]
[PlyCount "93"]
[EventDate "2013.??.??"]

1. d4 d5 2. Nf3 Nf6 3. c4 e6 4. cxd5 exd5 5. Nc3 c6 6. Bg5 Be7 7. Qc2 Na6 8. a3
Nc7 9. e3 Ne6 10. Bh4 g6 11. Bd3 Ng7 12. O-O Bf5 13. Rfe1 O-O 14. Ne5 Bxd3 15.
Qxd3 Nf5 16. Bg5 Ne4 17. Bxe7 Qxe7 18. Nxe4 dxe4 19. Qc2 Rad8 20. b4 Rd5 21.
Rab1 Nd6 22. Nc4 Rd8 23. a4 Rh5 24. Nd2 Qh4 25. Nf1 Re8 26. b5 cxb5 27. Qc7 Re6
28. axb5 Rf6 29. Re2 Qg4 30. Rd2 Rg5 31. Ng3 h5 32. d5 Rgf5 33. Qe7 Kg7 34. h3
Qh4 35. Nxf5+ gxf5 36. Rd4 f4 37. Rxe4 Nxe4 38. Qxe4 Qg5 39. Rd1 f3 40. g3 h4
41. Qxh4 Qxh4 42. gxh4 Kf8 43. Ra1 Rb6 44. Rxa7 Rxb5 45. e4 Ke7 46. Kh2 Kd6 47.
h5 1-0

[Event "4NCL Div3n"]
[Site "Wychwood, Crewe, "]
[Date "2013.02.23"]
[Round "5"]
[White "Boumphrey, Luke S"]
[Black "Gardiner, Eric D"]
[Result "1/2-1/2"]
[WhiteElo "1971"]
[BlackElo "2162"]
[PlyCount "91"]
[EventDate "2013.??.??"]

1. e4 e6 2. d4 d5 3. Nd2 Be7 4. Bd3 c5 5. Ngf3 Nf6 6. c3 Nc6 7. e5 Nd7 8. O-O
g5 9. Bb5 Qb6 10. Bxc6 bxc6 11. dxc5 Nxc5 12. Nb3 Ba6 13. Nxc5 Bxf1 14. Nxe6
fxe6 15. Kxf1 O-O 16. Qe2 Rab8 17. b3 h6 18. h4 Rxf3 19. Qxf3 Rf8 20. Be3 Rxf3
21. Bxb6 Rxc3 22. Bxa7 gxh4 23. Ke2 c5 24. Kd2 d4 25. Rf1 h3 26. gxh3 {(=)}
Rxh3 27. Ke2 Rc3 28. Kd2 Rf3 29. Bb6 Kf7 30. Ba5 Kg6 31. Ke2 Rh3 32. f4 Kf5 33.
Bc7 Rc3 34. Bd6 Bh4 35. Kd2 Bg3 36. b4 cxb4 37. Bxb4 Rc4 38. Rb1 Ke4 39. f5
Bf4+ 40. Ke2 Kxe5 41. fxe6 Kxe6 42. Kd3 Kd5 43. Be1 Ra4 44. Rb5+ Kc6 45. Ra5
Rxa5 46. Bxa5 1/2-1/2

[Event "4NCL Div3n"]
[Site "Wychwood, Crewe, "]
[Date "2013.02.23"]
[Round "5"]
[White "Williamson, Roger G"]
[Black "White, Mark W"]
[Result "1/2-1/2"]
[WhiteElo "2152"]
[BlackElo "2100"]
[PlyCount "86"]
[EventDate "2013.??.??"]

1. e4 c5 2. Nf3 Nc6 3. d4 cxd4 4. Nxd4 Nf6 5. Nc3 e5 6. Ndb5 d6 7. Bg5 a6 8.
Na3 b5 9. Nd5 Be7 10. Nxe7 Nxe7 11. Bxf6 gxf6 12. Qh5 f5 13. Bd3 f4 14. O-O-O
Ng6 15. Qh6 Qh4 16. Qxh4 Nxh4 17. g3 Ng6 18. f3 Be6 19. c4 Ke7 20. b3 Rhc8 21.
Kb2 b4 22. Nc2 a5 23. a3 bxa3+ 24. Nxa3 Rab8 25. Kc3 h5 26. Rd2 Rb6 27. Ra1 Bd7
28. Rda2 fxg3 29. hxg3 h4 30. gxh4 Nxh4 31. Rc2 Ng6 32. Rb2 Nf4 33. Nc2 Rcb8
34. Bf1 Ra8 35. Ne3 Rb7 36. Ra3 Rba7 37. Rba2 Rg8 38. Rf2 Rg3 39. Kc2 Be6 40.
b4 a4 41. b5 Kd7 42. Kc3 Bh3 43. Bxh3+ Nxh3 1/2-1/2

[Event "4NCL Div3n"]
[Site "Wychwood, Crewe, "]
[Date "2013.02.23"]
[Round "5"]
[White "Richardson, Alex"]
[Black "Trueman, Glenn"]
[Result "1/2-1/2"]
[WhiteElo "2119"]
[BlackElo "1978"]
[PlyCount "83"]
[EventDate "2013.??.??"]

1. c4 Nf6 2. Nf3 e6 3. g3 b6 4. Bg2 Bb7 5. O-O Be7 6. b3 c5 7. Bb2 O-O 8. e3 d5
9. Nc3 Nc6 10. cxd5 Nxd5 11. Nxd5 Qxd5 12. d4 Qh5 13. Ne5 Qxd1 14. Rfxd1 Nxe5
15. Bxb7 Rab8 16. Bg2 Nd7 17. Bc6 Rfd8 18. Bxd7 Rxd7 19. dxc5 Rxd1+ 20. Rxd1
Bxc5 21. Rc1 Rd8 22. Rc4 a5 23. Kg2 h6 24. Bc3 f6 25. Kf3 Ra8 26. Bd4 Bxd4 27.
Rxd4 e5 28. Rd7 Rc8 29. Rd6 Rb8 30. g4 Rb7 31. Ke4 Kf7 32. Kd5 Rc7 33. Rxb6 Rc2
34. Rb7+ Kg6 35. f4 exf4 36. exf4 Rxa2 37. f5+ Kh7 38. Ra7 Rb2 39. Rxa5 Rxb3
40. Ra2 Re3 41. Rg2 Rh3 42. Ke4 1/2-1/2

[Event "4NCL Div3n"]
[Site "Wychwood, Crewe, "]
[Date "2013.02.23"]
[Round "5"]
[White "Mulleady, Peter J"]
[Black "Acey, Gerald"]
[Result "0-1"]
[WhiteElo "1905"]
[BlackElo "2106"]
[PlyCount "72"]
[EventDate "2013.??.??"]

1. c4 e6 2. g3 d5 3. cxd5 exd5 4. Bg2 Nf6 5. Nf3 Be7 6. O-O c6 7. b3 Bf5 8. Bb2
Nbd7 9. Nh4 Bg6 10. d3 Qc7 11. Nd2 O-O 12. Nxg6 hxg6 13. e4 Rad8 14. Qc2 dxe4
15. dxe4 Nc5 16. Rad1 Nd3 17. Bc3 Ng4 18. Nf3 Ndxf2 19. Rxd8 Rxd8 20. Bd4 Rxd4
21. Nxd4 Qb6 22. h3 Qxd4 23. Rxf2 Nxf2 24. Qxf2 Qc3 25. Kh2 Bc5 26. Qe2 Qd4 27.
h4 Qe5 28. Bf1 Bd6 29. Qf2 Qxe4 30. Bc4 Qxh4+ 31. Kg2 Qe4+ 32. Kh2 Qe7 33. Qxa7
Qh4+ 34. Kg1 Qxg3+ 35. Kf1 Qf3+ 36. Ke1 Bb4# 0-1

[Event "4NCL Div3n"]
[Site "Wychwood, Crewe, "]
[Date "2013.02.23"]
[Round "1"]
[White "Somerset, William P"]
[Black "Lambert, John F"]
[Result "1-0"]
[WhiteElo "2082"]
[BlackElo "1986"]
[PlyCount "97"]
[EventDate "2013.??.??"]

1. d4 d5 2. c4 e6 3. Nc3 Nf6 4. Bg5 Nbd7 5. e3 c6 6. cxd5 exd5 7. Bd3 Qa5 8.
Qc2 Bd6 9. Nf3 h6 10. Bh4 O-O 11. O-O Re8 12. a3 Qc7 13. Rfc1 Be7 14. b4 Qd8
15. Bg3 Nf8 16. b5 Bd7 17. bxc6 Bxc6 18. Ne5 Rc8 19. Nxc6 bxc6 20. Ba6 Ng6 21.
Bxc8 Qxc8 22. Nb5 Ne4 23. Qxc6 Qxc6 24. Rxc6 Nxg3 25. hxg3 a5 26. a4 Bb4 27.
Rac1 Ne7 28. Rc7 Rd8 29. g4 Kh7 30. Kf1 Kg6 31. Ke2 Kg5 32. f3 Kg6 33. Kd3 Kg5
34. Rb7 h5 35. Rcc7 Re8 36. gxh5 Kxh5 37. Nc3 f5 38. Na2 Rc8 39. Nxb4 axb4 40.
Rxe7 Rc3+ 41. Kd2 g5 42. Rxb4 Ra3 43. Rh7+ Kg6 44. Rc7 Kh5 45. g3 f4 46. gxf4
gxf4 47. Rg7 Kh6 48. Rg4 Ra2+ 49. Kd3 1-0

[Event "4NCL Div3n"]
[Site "Wychwood, Crewe, "]
[Date "2013.02.23"]
[Round "5"]
[White "Bak, Andrew"]
[Black "Turner, John M"]
[Result "0-1"]
[WhiteElo "2052"]
[BlackElo "2024"]
[PlyCount "44"]
[EventDate "2013.??.??"]

1. d4 d5 2. Nf3 Nf6 3. g3 Bg4 4. Bg2 c6 5. c4 e6 6. Ne5 Bf5 7. cxd5 exd5 8. Nc3
Be7 9. O-O O-O 10. a3 Nbd7 11. Nxd7 Qxd7 12. Re1 Rfe8 13. b4 a5 14. Na4 Qc7 15.
Qb3 axb4 16. axb4 b5 17. Bf4 bxa4 18. Rxa4 Bd6 19. Bxd6 Qxd6 20. e3 Rxa4 21.
Qxa4 Rb8 22. Rc1 Rxb4 0-1

[Event "4NCL Div3n"]
[Site "Wychwood, Crewe, "]
[Date "2013.02.23"]
[Round "5"]
[White "Clark, Robert G"]
[Black "Molofej, Denis"]
[Result "0-1"]
[WhiteElo "2017"]
[BlackElo "2035"]
[PlyCount "88"]
[EventDate "2013.??.??"]

1. e4 c5 2. Nf3 d6 3. Bb5+ Nd7 4. O-O a6 5. Bxd7+ Bxd7 6. d4 e6 7. Re1 Ne7 8.
c3 Ng6 9. Nbd2 Be7 10. a4 b5 11. e5 dxe5 12. dxc5 Bxc5 13. Ne4 Qc7 14. Qd3 Be7
15. Rd1 f5 16. Nd6+ Bxd6 17. Qxd6 Qxd6 18. Rxd6 Ke7 19. Rb6 Rhb8 20. Bg5+ Ke8
21. a5 Rxb6 22. axb6 Bc6 23. Be3 Bxf3 24. gxf3 Kd7 25. b7 Rb8 26. Rxa6 Rxb7 27.
Kf1 Ke7 28. Ke2 Kf6 29. b3 Nf4+ 30. Bxf4 exf4 31. Rc6 g5 32. Rc5 Rb6 33. b4 e5
34. Kd3 h5 35. h3 g4 36. fxg4 hxg4 37. hxg4 e4+ 38. Ke2 fxg4 39. Rh5 Kg6 40.
Re5 Rc6 41. Kd2 e3+ 42. fxe3 f3 43. Rc5 f2 44. Ke2 Rf6 0-1

[Event "4NCL Div3n"]
[Site "Wychwood, Crewe, "]
[Date "2013.02.23"]
[Round "1"]
[White "Armstrong, Malcolm J"]
[Black "Lonsdale, Jon I"]
[Result "1-0"]
[WhiteElo "2032"]
[BlackElo "1938"]
[PlyCount "81"]
[EventDate "2013.??.??"]

1. d4 Nf6 2. Nf3 e6 3. g3 b5 4. Bg2 Bb7 5. O-O c5 6. a4 a6 7. axb5 axb5 8. Rxa8
Bxa8 9. dxc5 Bxc5 10. Qd3 Qb6 11. Nc3 Bc6 12. Bg5 Be7 13. Ne5 Bxg2 14. Kxg2 b4
15. Nb5 d5 16. Be3 Qb7 17. f3 O-O 18. Ra1 Nc6 19. Nxc6 Qxc6 20. Nd4 Qc7 21. Nb5
Qc6 22. Na7 Qb7 23. Qa6 Qxa6 24. Rxa6 h6 25. Rb6 e5 26. Nc6 Bd6 27. Nxb4 Bxb4
28. Rxb4 d4 29. Bd2 Rc8 30. c4 dxc3 31. Bxc3 Nd5 32. Rb3 Nxc3 33. bxc3 f6 34.
Kf2 Kf7 35. Ke3 Rc7 36. Kd3 h5 37. c4 h4 38. gxh4 Rd7+ 39. Kc3 Rd4 40. Rb7+ Kf8
41. c5 1-0

[Event "4NCL Div3n"]
[Site "Wychwood, Crewe, "]
[Date "2013.02.23"]
[Round "1"]
[White "McCarthy, Damian"]
[Black "Bennett, Patrick J"]
[Result "0-1"]
[WhiteElo "1878"]
[BlackElo "2020"]
[PlyCount "86"]
[EventDate "2013.??.??"]

1. e4 c5 2. Nc3 g6 3. f4 Bg7 4. Nf3 Nc6 5. Bb5 Nd4 6. O-O Nxb5 7. Nxb5 Nf6 8.
e5 Nd5 9. d3 O-O 10. c4 Nb4 11. a3 Nc6 12. d4 cxd4 13. Nbxd4 Nxd4 14. Qxd4 d6
15. Be3 Be6 16. Rac1 Qc7 17. c5 dxe5 18. fxe5 Rad8 19. Qh4 Bd5 20. Bh6 Bxh6 21.
Qxh6 Bxf3 22. Rxf3 Qxe5 23. Rh3 Qd4+ 24. Kf1 Qg7 25. Qxg7+ Kxg7 26. c6 bxc6 27.
Rxc6 Rd7 28. Rhc3 Rfd8 29. Rc7 Rd1+ 30. Ke2 R8d2+ 31. Kf3 Rf1+ 32. Kg3 Rxb2 33.
Rxe7 Rff2 34. Rf3 Rxg2+ 35. Kh3 Rxh2+ 36. Kg3 Rbg2+ 37. Kf4 Rf2 38. Rxa7 Rxf3+
39. Kxf3 h5 40. a4 g5 41. a5 Rh3+ 42. Kg2 Ra3 43. Ra6 h4 0-1

[Event "4NCL Div3n"]
[Site "Wychwood, Crewe, "]
[Date "2013.02.23"]
[Round "1"]
[White "Nicholson, Jim WR"]
[Black "Philp, Steven"]
[Result "1-0"]
[WhiteElo "2005"]
[BlackElo "1554"]
[PlyCount "181"]
[EventDate "2013.??.??"]

1. d4 d5 2. Nf3 Nf6 3. e3 e6 4. Bd3 Nbd7 5. b3 Be7 6. O-O O-O 7. Nbd2 c5 8. Bb2
b6 9. Ne5 Bb7 10. f4 cxd4 11. exd4 g6 12. Qe2 a6 13. Rf3 Re8 14. Rh3 Bf8 15. g4
Rc8 16. g5 Nxe5 17. dxe5 Bc5+ 18. Kf1 Nd7 19. Nf3 b5 20. Qe1 Qe7 21. a4 b4 22.
Rd1 Rc7 23. Qh4 Nf8 24. Bd4 a5 25. Rd2 Ra8 26. Qf2 Ba6 27. Bxa6 Rxa6 28. Qe2
Rac6 29. Qb5 Bxd4 30. Nxd4 Rc5 31. Qe2 Rc3 32. Rxc3 Rxc3 33. Nb5 Rc5 34. Nd6
Qc7 35. h4 Qc6 36. h5 d4 37. Ne4 d3 38. Qxd3 Rc3 39. Nxc3 Qh1+ 40. Kf2 bxc3 41.
Re2 Qh2+ 42. Ke3 Qg1+ 43. Ke4 gxh5 44. Qxc3 Qg4 45. Qf3 Qf5+ 46. Ke3 Ng6 47.
Rd2 Kg7 48. c4 h4 49. Rf2 Qb1 50. Kd4 Ne7 51. Kc5 Nf5 52. Rd2 Qg1+ 53. Qf2 Qb1
54. Rb2 Qh1 55. Qg2 Qa1 56. Kb5 h3 57. Qf2 Qa3 58. Kxa5 h2 59. Rb1 Ne7 60. b4
Nc6+ 61. Kb5 Qxb4+ 62. Rxb4 h1=Q 63. Rb2 Qe4 64. Rd2 Ne7 65. Rd6 Qb1+ 66. Ka5
Qe4 67. Qc5 Nf5 68. Rd8 Qxf4 69. Rh8 Qd2+ 70. Ka6 Kg6 71. Rg8+ Kh5 72. Qc7 Kg4
73. g6 hxg6 74. Qxf7 Qb4 75. Qxg6+ Kf3 76. Qg2+ Ke3 77. Qc6 Kf4 78. Qb5 Qe7 79.
Re8 Qf7 80. c5 Nd4 81. Qf1+ Nf3 82. Qc4+ Ke3 83. Qxe6 Qc7 84. Qb6 Qg7 85. c6+
Ke4 86. c7 Nd4 87. c8=Q Qg1 88. Qcb7+ Ke3 89. Rd8 Qf1+ 90. Ka7 Qc4 91. Qxd4+
1-0

[Event "4NCL Div3n"]
[Site "Wychwood, Crewe, "]
[Date "2013.02.23"]
[Round "5"]
[White "Flint, Martina"]
[Black "Campbell, Ian"]
[Result "0-1"]
[WhiteElo "1888"]
[BlackElo "1998"]
[PlyCount "74"]
[EventDate "2013.??.??"]

1. f4 d5 2. g3 g6 3. Bg2 Bg7 4. Nf3 Nf6 5. d3 c6 6. c3 O-O 7. O-O Nbd7 8. h3
Qc7 9. Kh2 b6 10. Qc2 Bb7 11. e4 dxe4 12. dxe4 e5 13. Na3 Nh5 14. Ng1 exf4 15.
Bxf4 Nxf4 16. Rxf4 Ne5 17. Ne2 Rad8 18. Rff1 Ba6 19. Rfe1 h5 20. Nd4 h4 21.
Rad1 Rd7 22. Kh1 hxg3 23. Re3 Rfd8 24. Rg1 Bh6 25. Ree1 Nd3 26. Re2 c5 27. Ndb5
Bxb5 28. Nxb5 Qf4 29. Rf1 Nf2+ 30. Kg1 Rd2 31. Rxd2 Rxd2 32. Qb3 Qe3 33. Qc4
Nxh3+ 34. Kh1 Nf2+ 35. Kg1 Bf8 36. Nxa7 Ng4+ 37. Kh1 Qh6+ 0-1

[Event "4NCL Div3n"]
[Site "Wychwood, Crewe, "]
[Date "2013.02.23"]
[Round "5"]
[White "Moan, Francis E"]
[Black "Davison, Colin FS"]
[Result "0-1"]
[WhiteElo "1873"]
[BlackElo "1994"]
[PlyCount "78"]
[EventDate "2013.??.??"]

1. d4 e6 2. Nf3 f5 3. g3 Nf6 4. Bg2 Be7 5. O-O O-O 6. c4 d6 7. Nc3 c6 8. Qc2 d5
9. b3 Ne4 10. Bb2 Nd7 11. Rad1 Qe8 12. Ne5 a5 13. Nxe4 dxe4 14. e3 Nf6 15. f3
exf3 16. Bxf3 Bd6 17. Nd3 Bd7 18. Qg2 Kh8 19. e4 fxe4 20. Bxe4 Nxe4 21. Qxe4
Qh5 22. Ne5 Be8 23. Rxf8+ Bxf8 24. Rf1 Be7 25. Qf4 Bg6 26. Nxg6+ Qxg6 27. Qc7
Bg5 28. Qe5 h5 29. Bc1 Bxc1 30. Rxc1 Rf8 31. Qxa5 h4 32. Qe5 Qf5 33. h3 Qf3 34.
gxh4 Qf2+ 35. Kh1 Qf3+ 36. Kg1 Rf6 37. h5 Rf5 38. Qe1 Rg5+ 39. Kh2 Qg2# 0-1

[Event "4NCL Div3n"]
[Site "Wychwood, Crewe, "]
[Date "2013.02.23"]
[Round "1"]
[White "Lovatt, Peter G"]
[Black "Patrick, David A"]
[Result "1/2-1/2"]
[WhiteElo "1986"]
[BlackElo "1914"]
[PlyCount "87"]
[EventDate "2013.??.??"]

1. e4 e6 2. d4 d5 3. exd5 exd5 4. Nc3 Nf6 5. Bd3 c6 6. Bg5 Bd6 7. Qf3 Nbd7 8.
O-O-O b5 9. Re1+ Kf8 10. Nh3 h6 11. Bd2 Nb6 12. Nf4 Nc4 13. Bxc4 bxc4 14. h3
Rb8 15. Nd1 a5 16. Re3 a4 17. a3 Qb6 18. Rhe1 Bd7 19. Rc3 Qxd4 20. Be3 Qe4 21.
Bc5 Qxe1 22. Bxd6+ Kg8 23. Bxb8 Ne4 24. Qe3 Qh1 25. Rxc4 Nxf2 26. Rd4 Ne4 27.
Rxa4 Kh7 28. Ba7 Re8 29. Qg1 Qxg1 30. Bxg1 g5 31. Nd3 Ng3 32. Bf2 Nh1 33. Ra7
Bf5 34. Bd4 Bg6 35. Ne5 Ng3 36. Nc3 c5 37. Nxf7 Bxf7 38. Rxf7+ Kg8 39. Rf2 cxd4
40. Nd1 Re1 41. Kd2 Re8 42. Kc1 Ne4 43. Re2 Kf7 44. a4 1/2-1/2

[Event "4NCL Div3n"]
[Site "Wychwood, Crewe, "]
[Date "2013.02.23"]
[Round "5"]
[White "Dean, Robert A"]
[Black "Higgie, Charles L"]
[Result "1/2-1/2"]
[WhiteElo "1866"]
[BlackElo "1986"]
[PlyCount "128"]
[EventDate "2013.??.??"]

1. e4 c5 2. f4 d5 3. exd5 Qxd5 4. Nc3 Qd8 5. Bc4 Nc6 6. Nf3 Nf6 7. O-O Bg4 8.
Bb5 Rc8 9. Qe1 a6 10. Bxc6+ Rxc6 11. Ne5 Rb6 12. Kh1 Bd7 13. d3 Qc7 14. Nc4 Re6
15. Qh4 g6 16. f5 gxf5 17. Bf4 Qd8 18. Rae1 Bg7 19. Ne5 Ng4 20. Nxg4 fxg4 21.
Nd5 Kf8 22. Bg5 f6 23. Nf4 Rxe1 24. Qxe1 Kf7 25. Qe4 Qc8 26. Nd5 Be6 27. Nf4
Bf5 28. Qc4+ e6 29. Bh4 Rd8 30. Nh5 Rd4 31. Qc3 Bh8 32. Bf2 Rd5 33. Nf4 Re5 34.
Bd4 Ke7 35. Bxe5 fxe5 36. Nh5 e4 37. Qb3 exd3 38. cxd3 Qd7 39. Rd1 Be5 40. Ng3
Bxg3 41. hxg3 e5 42. Qg8 Kd6 43. Qf8+ Kc6 44. Qf6+ Kd5 45. Re1 Qe6 46. Qg7 b5
47. Rd1 Qg6 48. Qxg6 hxg6 49. Kg1 Kd4 50. Kf2 Bxd3 51. Rh1 c4 52. Rh8 b4 53.
Rd8+ Ke4 54. Rd6 c3 55. bxc3 bxc3 56. Ke1 Ke3 57. Rc6 c2 58. Rc7 Be4 59. a3 Kd3
60. Rd7+ Kc3 61. Rc7+ Kb2 62. Kd2 Kxa3 63. Kc1 Bxg2 64. Rxc2 Bf3 1/2-1/2

[Event "4NCL Div3n"]
[Site "Wychwood, Crewe, "]
[Date "2013.02.23"]
[Round "5"]
[White "Wadsworth, Mark S"]
[Black "Slinger, AJ (Tony)"]
[Result "0-1"]
[WhiteElo "1642"]
[BlackElo "1976"]
[PlyCount "72"]
[EventDate "2013.??.??"]

1. d4 Nf6 2. c4 c5 3. d5 b5 4. cxb5 a6 5. b6 Qxb6 6. Nc3 g6 7. Nf3 Bg7 8. e4 d6
9. Bd3 O-O 10. O-O Nbd7 11. Qe2 Bb7 12. Rb1 Ng4 13. Bf4 Nge5 14. Nxe5 Nxe5 15.
Be3 Nxd3 16. Qxd3 a5 17. Rfe1 Ba6 18. Qd2 Rab8 19. a3 Qb3 20. f4 Qc4 21. Bf2
Qd3 22. Rbd1 Qxd2 23. Rxd2 Rb3 24. e5 Rfb8 25. Ne4 Bd3 26. exd6 exd6 27. Nxd6
c4 28. Rc1 Bxb2 29. Rxc4 Bxc4 30. Nxc4 Bc3 31. Rd1 Rb1 32. Rf1 f6 33. Bc5 Rxf1+
34. Kxf1 Rc8 35. Bb6 Rxc4 36. d6 Rd4 0-1

[Event "4NCL Div3n"]
[Site "Wychwood, Crewe, "]
[Date "2013.02.23"]
[Round "5"]
[White "Doran, Chris"]
[Black "Jennings, Roger W"]
[Result "0-1"]
[WhiteElo "1971"]
[BlackElo "1946"]
[PlyCount "44"]
[EventDate "2013.??.??"]

1. e4 g6 2. d4 Bg7 3. Nc3 d6 4. Be3 Nf6 5. Qd2 c6 6. f3 Qa5 7. O-O-O b5 8. Kb1
b4 9. Nce2 Be6 10. Nc1 c5 11. Nb3 Bxb3 12. cxb3 cxd4 13. Bxd4 O-O 14. Bc4 Nbd7
15. Ne2 Ne5 16. Nc1 Rab8 17. Nd3 Nxc4 18. bxc4 Nxe4 19. Qe3 Nc3+ 20. bxc3 bxc3+
21. Ka1 e5 22. Nxe5 Rb2 0-1

[Event "4NCL Div3n"]
[Site "Wychwood, Crewe, "]
[Date "2013.02.23"]
[Round "5"]
[White "Armstrong, William G"]
[Black "Clissold, Julian C"]
[Result "1/2-1/2"]
[WhiteElo "1919"]
[BlackElo "1810"]
[PlyCount "81"]
[EventDate "2013.??.??"]

1. d4 Nf6 2. Nf3 g6 3. c4 Bg7 4. Nc3 d5 5. cxd5 Nxd5 6. e4 Nxc3 7. bxc3 O-O 8.
Bc4 c5 9. O-O cxd4 10. cxd4 Nc6 11. e5 Bg4 12. Be3 Bxf3 13. gxf3 Rc8 14. Rc1 a6
15. f4 e6 16. Be2 Qd7 17. Bf3 Rfd8 18. Qa4 Nxe5 19. Qxd7 Nxd7 20. Bxb7 Rxc1 21.
Rxc1 a5 22. d5 e5 23. Rc8 Bf6 24. d6 Kf8 25. fxe5 Nxe5 26. Bb6 Rxc8 27. Bxc8
Nc6 28. Bb7 Bd8 29. Bc5 Ne5 30. f4 Nd7 31. Bd4 Bb6 32. Bf2 Ke8 33. Bc6 Kd8 34.
Kg2 Bc5 35. Bxc5 Nxc5 36. Kf3 f6 37. Ke3 h6 38. Kd4 Ne6+ 39. Ke4 Nc5+ 40. Kd4
Ne6+ 41. Ke4 1/2-1/2

[Event "4NCL Div3n"]
[Site "Wychwood, Crewe, "]
[Date "2013.02.23"]
[Round "5"]
[White "Cowan, Richard M"]
[Black "Stephens, Ian Paul"]
[Result "1-0"]
[WhiteElo "1816"]
[BlackElo "1878"]
[PlyCount "83"]
[EventDate "2013.??.??"]

1. e4 c5 2. Nc3 Nc6 3. d3 e6 4. f4 Nf6 5. g4 h5 6. g5 Ng8 7. Bg2 g6 8. Nf3 Bg7
9. Be3 d6 10. O-O Nd4 11. Na4 b5 12. Nc3 Rb8 13. a4 b4 14. Nb5 Nxf3+ 15. Qxf3
Bb7 16. Nxa7 Ne7 17. Nb5 O-O 18. c3 Nf5 19. Bf2 bxc3 20. bxc3 f6 21. Qh3 fxg5
22. exf5 g4 23. Qe3 exf5 24. Qe6+ Kh7 25. Rfe1 Bxg2 26. Kxg2 Rb6 27. Qd5 h4 28.
Re6 h3+ 29. Kg1 Rf6 30. Bh4 Qf8 31. Bxf6 Bxf6 32. Rae1 Kh6 33. Re8 Qg7 34. Nxd6
Bxc3 35. Nf7+ Kh5 36. Rh8+ Qxh8 37. Nxh8 Bd4+ 38. Kf1 Rb2 39. Re7 Rf2+ 40. Ke1
Rxf4 41. Rh7+ Kg5 42. Qd8+ 1-0

[Event "4NCL Div3n"]
[Site "Wychwood, Crewe, "]
[Date "2013.02.23"]
[Round "5"]
[White "Faulkner, James"]
[Black "Anderson, Paul W"]
[Result "1/2-1/2"]
[WhiteElo "1754"]
[BlackElo "1834"]
[PlyCount "79"]
[EventDate "2013.??.??"]

1. e4 e5 2. Nf3 Nf6 3. Nc3 Nc6 4. d4 exd4 5. Nxd4 d6 6. Bb5 Bd7 7. Nxc6 Bxc6 8.
Bxc6+ bxc6 9. O-O Be7 10. Be3 O-O 11. f4 Nd7 12. Qd3 Re8 13. Rad1 Bf6 14. e5
Be7 15. Qc4 c5 16. b3 Nb6 17. Qe4 Qc8 18. Rf3 c6 19. exd6 Bxd6 20. Qxe8+ Qxe8
21. Rxd6 Nc8 22. Rd1 c4 23. Bf2 cxb3 24. Re3 Qf8 25. axb3 Nb6 26. Rde1 h6 27.
Re7 g5 28. fxg5 hxg5 29. R1e5 f6 30. R5e6 Nd5 31. Nxd5 cxd5 32. Bd4 Qc8 33. c3
a5 34. Bxf6 Qc5+ 35. Bd4 Qa3 36. Rg7+ Kf8 37. Rh6 Qc1+ 38. Kf2 Qf4+ 39. Kg1
Qc1+ 40. Kf2 1/2-1/2